Curso Internacional en Ampurias
Publicado:
San Jorge, núm. 92 (4rt trimestre 1973), pàg 91 :
MARC
| LEADER | 00000nam a2200000Ia 4500 | ||
|---|---|---|---|
| 001 | |||
| 008 | 160829s9999 xx 000 0 cat d | ||
| 245 | |a Curso Internacional en Ampurias | ||
| 260 | |a San Jorge, núm. 92 (4rt trimestre 1973), pàg 91 | ||
| 650 | |a Prehistòria |x Ensenyament |9 50063 | ||
| 650 | |a Arqueologia |x Ensenyament |9 33615 | ||
| 651 | 0 | |a Empúries (Ciutat antiga) |9 54667 | |
| 651 | 0 | |a Empúries (Ciutat antiga) |9 54667 | |
| 901 | |a Arxiu | ||
| 942 | |n 1 | ||
| 952 | |0 0 |1 0 |4 0 |7 1 |9 52148 |a Arxiu |b Arxiu |d 2016-12-01 |l 0 |r 2016-12-01 00:00:00 |w 2016-12-01 |y ARXIU | ||
| 999 | |c 55996 |d 55996 | ||